000 00262nam a22001217a 4500
008 170721b xxu||||| |||| 00| 0 eng d
041 _aeng
080 _a004
100 _a28
101 _aSHKI
245 _aNONLINEAR PROGRAMMING
_cKUNZI, H.P
942 _2udc
_cBK
999 _c21688
_d21688